000 00644nmm a2200169Ia 4500
008 251105s9999||||xx |||||||||||||||||und||
020 _a9788436950854
041 _aspa
100 _aGonzález Briones, Elena (coord.)
245 0 _aLa diagramación del periódico :
_b Proyecto Mediascopio Prensa. La lectura de la prensa escrita en el aula
264 _a[Madrid, España] :
_bMinisterio de Educación, Cultura y Deporte de España,
_c2012
300 _a90 páginas
490 _aMediascopio (Serie Guías y Talleres)
650 _aMedia Studies (Journ., TV, etc)
856 _uhttps://public.digitaliapublishing.com/a/17625
942 _cCF
999 _c82236
_d82236